Los intereses creados /

Guardado en:
Autor Principal: Benavente, Jacinto
Formato: Libro
Publicado: Buenos Aires : Kapelusz, 1994
Series:Grandes Obras de la Literatura Universal; 15
Materias:
Etiquetas: Agregar Etiqueta
Sin Etiquetas, Sea el primero en etiquetar este registro!
LEADER 01002nam a22002295a 4500
001 CEM.cems017794
005 20120510103038.0
008 130507s1994##################000#0#####d
003 CEMS
020 |a 9501321649 
082 0 4 |a 862.3 
100 1 |a Benavente, Jacinto 
245 1 0 |a Los intereses creados /  |c Jacinto Benavente 
260 |a Buenos Aires :  |b Kapelusz,  |c 1994 
300 |a 127 p. 
490 0 |a Grandes Obras de la Literatura Universal; 15 
505 0 |a Resmune cronológico de la vida y la obra de Jacinto Benavente - El teatro español y el teatro de Benavente - Clasificación del teatro benaventino - Características de su teatro - La obra - Guía de trabajos prácticos - Bibliografía sobre Benavente - Bibliografía auxiliar - Fuente de las notas - Obras de Benavente - Algunos juicios sobre el autor y su obra 
653 |a Literatura 
653 |a Literatura española 
653 |a Teatro 
653 |a Teatro español 
859 |a CEMS  |b BIB. CEMS - Agricultura  |h 862.3  |i B431  |p A1545.12  |t Ej.1